| 000 | 00821nam a2200217 i 4500 | ||
|---|---|---|---|
| 001 | 141958 | ||
| 003 | ES-MaACL | ||
| 005 | 20250729085448.0 | ||
| 007 | t| | ||
| 008 | 071001s1905 fr ||||1| fre d | ||
| 080 | _a347(44)(091) | ||
| 100 | 1 |
_aViollet, Paul. _9115417 |
|
| 245 | 1 | 0 |
_aHistoire du droit civil français _b: accompagnée de notions de droit canonique et d'indications bibliographiques / _cpar Paul Viollet. |
| 250 | _a3e éd, corrigée et augmentée. | ||
| 260 |
_aParis : _bLibrairie de la Societé du Recuil Général des Lois et des Arrêts, _c1905 ( _eBar le Duc : _fImp. Coutant Laguerre) |
||
| 300 |
_aVIII, 1012 p. ; _c22 cm. |
||
| 650 |
_aDerecho civil- _zFrancia- _vHistoria. _911666 |
||
| 650 | 0 | 7 |
_aDerecho canónico _2embne _911655 |
| 852 |
_aES-MaACL _jE-13103 |
||
| 999 |
_c141958 _d141958 |
||